000 00695nam a2200229 a 4500
001 25317
003 CO-ViMGA
008 141112s2004 ck r 000 u spa d
040 _aCO-ViMGA
_bspa
_cCO-ViMGA
082 0 4 _a340 S939
100 1 _aSuarez M. Hellmut E.
_938597
245 1 0 _aSimulacion :
_bEn el Derecho Civil y Mercantil /
_cHellmute E. Suarez M.
250 _a1ra ed. / Hellmute Suarez
260 _aColombia :
_bDoctrina y Ley
300 _a765 p. / 23 cm Bibliografia
650 1 4 _aActos Juridicos
_928695
650 1 4 _aContratos
_948178
650 1 4 _aNegocios Juridicos
_932644
650 1 4 _aSimulacion
_938598
650 1 4 _aSimulacion Relativa.
_938599
942 _2ddc
_cBK
999 _c32926
_d32926